00944nam a22002417a 4500003000500000005001700005008004100022010001100063011001100074035001100085040000900096100002800105245013800133260004000271500006000311502011800371650004200489650002800531650002800559650003500587856006400622856001600686CHAP20220329143832.0111116s2011 mx r 00010 spa d a102543 a103515 a114204 cCHAP1 aContreras Tinoco, David10aCaracterización tecnica y economica en la finalización de bovinos en Texcoco, Méxicoh[En línea]c/por David Contreras Tinoco aChapingo, Méx. :bEl autor,c2011 aPara ver el contenido del material haga clic en la liga aTesis (Ing. Agr. Esp. en Zootecnia) -- UACH. Departamento de Enseñanza, Investigación y Servicio en Zootecnia14aGanado vacunoxAspectos económicos.14aGanado vacunoxEngorda.14aGanado vacunoxMatanza.14aGanado vacunoxMéxico (Edo.) 3Finding aiduhttp://10.13.5.2/tesis/114204.pdfzTeclea aqui a1 n0001703